00518nam a2200157Ia 4500008004100000020001800041082001900059100002200078245005700100250000700157260002400164300001100188650003600199952010800235999001700343120629s9999 xx 000 0 und d a84-7223-655-2 aCH863.44 S479u aSepúlveda, Luis aUn Viejo que leia novelas de amor / Luis Sepúlveda a55 aEspaña : Tusquets a137 p. a1. NOVELA CHILENA--SIGLO XX.Ì 00104070a15b15d2012-06-12l1oCH863.44 S479Up15 005123r2019-09-19s2018-08-10t1w2012-06-28yLB c77868d77868